Short circuit study of power system network (Record no. 545242)
[ view plain ]
| 000 -LEADER | |
|---|---|
| fixed length control field | 00457nam a22001457a 4500 |
| 020 ## - INTERNATIONAL STANDARD BOOK NUMBER | |
| International Standard Book Number | 969-417-057-5 |
| 082 ## - DEWEY DECIMAL CLASSIFICATION NUMBER | |
| Classification number | 621.3 |
| Author Mark | AMI |
| -- | Donation |
| 100 ## - MAIN ENTRY--PERSONAL NAME | |
| Personal name | Dr. Amin Muhammad |
| 9 (RLIN) | 41040 |
| 245 ## - TITLE STATEMENT | |
| Title | Short circuit study of power system network |
| Statement of responsibility, etc. | Dr. Muhammad Amin |
| 260 ## - PUBLICATION, DISTRIBUTION, ETC. | |
| Place of publication, distribution, etc. | Islamabad, Pakistan |
| Name of publisher, distributor, etc. | University Grants Commission Islamabad, Pakistan |
| Date of publication, distribution, etc. | 1998 |
| 300 ## - PHYSICAL DESCRIPTION | |
| Extent | 123.p: |
| 526 ## - STUDY PROGRAM INFORMATION NOTE | |
| Program name | 0 |
| Interest level | 0 |
| Reading level | 0 |
| Title point value | 621_300000000000000_AMI |
| 650 ## - SUBJECT ADDED ENTRY--TOPICAL TERM | |
| Topical term or geographic name entry element | MCE |
| 9 (RLIN) | 379 |
| 942 ## - ADDED ENTRY ELEMENTS (KOHA) | |
| Source of classification or shelving scheme | |
| Koha item type | Book |
| Withdrawn status | Lost status | Source of classification or shelving scheme | Damaged status | Not for loan | Permanent Location | Current Location | Date acquired | Total Checkouts | Full call number | Barcode | Date last seen | Price effective from | Koha item type |
|---|---|---|---|---|---|---|---|---|---|---|---|---|---|
| Military College of Engineering (MCE) | Military College of Engineering (MCE) | 05/20/2014 | 621.3 AMI | MCE-34674 | 05/20/2014 | 05/20/2014 | Book |
